00991cam a22002651 4500001001300000003000400013005001700017008004100034010001700075035002000092040002100112041001100133042001200144050001700156100003900173240003000212245021700242250002600459260006600485300001700551500006200568650002500630700005300655999001700708sa 68018643 DLC20260227112713.0881219m19659999ii 000 0 san  asa 68018643  a(OCoLC)18923333 aDLCcCUdCUdDLC0 asanhin apremarc00aR127.2b.V330 aVāgbhaṭa,dactive 7th century.10aAṣṭāṅgasaṅgraha10aAṣṭāṅgasaṇgrahaḥ.cŚrīvāgbhaṭācāryaviracita. Sarvāṅgasundarī vyākhyayā sahitaḥ. Vyākhyākāra Lālacandra Śāstrī Vaidya. Āmurkhalekhaka Raṅajitarāya Desāī. a[1. saṃskaraṅā] aKalakattā :bSrī Vaidyanātha Āyurveda Bhavana,c1965- av. ;c25 cm. aIn Sanskrit: introductory matter and commentary in Hindi. 0aMedicine, Ayurvedic.1 aVaidya, Lālacandra.tAṣṭāṅgasundarī. c88553d88553